Foundations of mathematics: A study in the philosophy of science (Record no. 691458)

MARC details
000 -LEADER
fixed length control field 01123nam a2200241Ia 4500
003 - CONTROL NUMBER IDENTIFIER
control field OSt
005 - DATE AND TIME OF LATEST TRANSACTION
control field 20250609121841.0
008 - FIXED-LENGTH DATA ELEMENTS--GENERAL INFORMATION
fixed length control field 220926b |||||||| |||| 00| 0 eng d
037 ## - SOURCE OF ACQUISITION
Terms of availability Reference Collections
040 ## - CATALOGING SOURCE
Original cataloging agency RTL
Transcribing agency RTL
Language of cataloging eng
041 ## - LANGUAGE CODE
Source of code eng
Language code of text/sound track or separate title eng
084 ## - COLON CLASSIFICATION NUMBER
Classification number B K4/SC
Assigning agency RTL
100 ## - MAIN ENTRY--PERSONAL NAME
Personal name Beth, Evert W.
9 (RLIN) 371236
245 #0 - TITLE STATEMENT
Title Foundations of mathematics: A study in the philosophy of science
260 ## - PUBLICATION, DISTRIBUTION, ETC.
Place of publication, distribution, etc. New York
Name of publisher, distributor, etc. Harper and Row
Date of publication, distribution, etc. 1966
300 ## - PHYSICAL DESCRIPTION
Extent xxviii, 741 p.
Dimensions cm.
Other physical details Includes bibliographical references and index
520 ## - SUMMARY, ETC.
Summary, etc. Verified Purchase<br/>The title does not match very well with the contents. The book has not as its subject the "Foundations of Mathematics", but rather an history of the development of these Foundations from the early philosophical developments. The subtitle is somewhat more appropriate, but still deceiving: more than a Study the contents is an historical review.<br/>
650 ## - SUBJECT ADDED ENTRY--TOPICAL TERM
Topical term or geographic name entry element Mathematics
650 ## - SUBJECT ADDED ENTRY--TOPICAL TERM
Topical term or geographic name entry element Philosophy - science
9 (RLIN) 812189
650 ## - SUBJECT ADDED ENTRY--TOPICAL TERM
Topical term or geographic name entry element Elementary mathematics
9 (RLIN) 812190
942 ## - ADDED ENTRY ELEMENTS (KOHA)
Classification part B, K4/SC
Koha item type Reference
Source of classification or shelving scheme Colon Classification (CC)
Suppress in OPAC No
Holdings
Withdrawn status Lost status Source of classification or shelving scheme Damaged status Not for loan Home library Current library Date acquired Total Checkouts Full call number Barcode Date last seen Price effective from Koha item type
    Colon Classification (CC)     Ratan Tata Library Ratan Tata Library 2022-09-27   B K4/SC RT1149545 2022-09-27 2022-09-27  
Copyright @ Delhi University Library System